The history of Transylvania
| Titel: | The history of Transylvania / coord. Ioan-Aurel Pop ..., authors Mihai Bǎrbulescu ... |
|---|---|
| Beteiligt: | ; |
| Veröffentlicht: | Cluj-Napoca : Romanian Cultural Inst. |
| Format: | Mehrteiliges Werk |
| Sprache: | Englisch |
| RVK-Notation: | |
| Bände: |
alle Bände anzeigen
|
| ISBN: | 9737784049 |
alg: 13470623 001A $03004:15-12-05 001B $01999:13-08-17 $t02:36:52.000 001C $04006:19-07-10 $t15:23:03.000 001D $03004:15-12-05 001U $0utf8 001X $00 002@ $0Acu 003@ $0134706234 003O $063118443 $aOCoLC 004A $0973-7784-04-9 007A $0134706234 $aHEB 007T $0Herdhh134706234 010@ $aeng 021A $aThe @history of Transylvania $hcoord. Ioan-Aurel Pop ..., authors Mihai Bǎrbulescu ... 028C $#Pop, Ioan-A. $#Pop, Ioan Aurel $#Pop, Ioan A. $7131809253 $8Pop, Ioan-Aurel$Z1955- [Tp3] $9179274155 028C/01 $7 $8Bărbulescu, Mihai [Tnd] $9221155961 033A $pCluj-Napoca $nRomanian Cultural Inst. 044K $RRumänien $#Siebenbürgen $#Siebenbürgen $#Fürstentum Siebenbürgen $#Transsilvanien $#Transsylvanien $#Transilvania $#Transylvania $#Ardeal $#Erdély $#Siedmiogród $#Sedmohradsko $#Sedmihradsko $74054835-1 $8Siebenbürgen [Tg1] $9085152552 045R $aGeschichte 045Z $8NK 2425 [Tkv] $941088846X lok: 13470623 3 101B $011-01-06 $t10:32:43.000 101C $011-01-06 145S/01 $a039 101U $0utf8 exp: 13470623 3 1 #EPN 201B/01 $017-09-10 $t13:47:30.000 201C/01 $011-01-06 201U/01 $0utf8 203@/01 $0336741146 208@/01 $a11-01-06 $bda lok: 13470623 24 exp: 13470623 24 1 #EPN 201B/01 $015-12-05 $t11:45:59.000 201C/01 $015-12-05 203@/01 $0328947768 208@/01 $a15-12-05 $bda 209B/01 $aEinzelbestellung (050) $x09 220C/01 $ahae 201U/01 $0utf8 lok: 13470623 25 exp: 13470623 25 1 #EPN 201B/01 $010-07-06 $t20:53:31.000 203@/01 $0417308183 208@/01 $a10-07-06 $bdummy 201U/01 $0utf8 lok: 13470623 36 exp: 13470623 36 1 #EPN 201B/01 $019-07-10 $t22:19:54.000 203@/01 $0596427182 208@/01 $a19-07-10 $bdummy 201U/01 $0utf8 lok: 13470623 78 exp: 13470623 78 1 #EPN 201B/01 $020-12-17 $t22:56:23.000 201U/01 $0utf8 203@/01 $0790891875 208@/01 $a12-11-16 $be 244Z/01 $2Trx $#Ungari $#Vengrija $#Ungārija $#Ungarn $#Hungary $#Węgry $#Maďarsko $#Maďarsko $#Uhorsko $#Uhersko;Uhry $8--Trx--Magyarország $x01 $9391197150 244Z/01 $#Siebenbürgen $#Siebenbürgen $#Fürstentum Siebenbürgen $#Transsilvanien $#Transsylvanien $#Transilvania $#Transylvania $#Ardeal $#Erdély $#Siedmiogród $#Sedmohradsko $#Sedmihradsko $74054835-1 $8--Tg1--Siebenbürgen $x02 $9085152552 244Z/01 $2Trx $#dzieło zbiorowe $8--Trx--Sammelwerk $x03 $9391384597 247C/01 $82080>Marburg/Lahn, Herder-Institut, Forschungsbibliothek, Bibliographieportal $9336309341 lok: 13470623 204 exp: 13470623 204 1 #EPN 201B/01 $022-07-14 $t12:58:48.000 201C/01 $022-07-14 201U/01 $0utf8 203@/01 $0734965915 208@/01 $a22-07-14 $bdaUB
| LEADER | 00000cam a2200000 ca4500 | ||
|---|---|---|---|
| 001 | 134706234 | ||
| 003 | DE-603 | ||
| 005 | 20170813023652.0 | ||
| 007 | tu | ||
| 008 | 051215s xx |||| | u00||u|eng c | ||
| 020 | |a 9737784049 | ||
| 035 | |a (DE-599)HEB134706234 | ||
| 035 | |a (OCoLC)63118443 | ||
| 040 | |a DE-603 |b ger |c DE-603 |d DE-603 | ||
| 041 | |a eng | ||
| 084 | |a NK 2425 |0 (DE-625)125888: |0 (DE-603)41088846X |2 rvk | ||
| 245 | 0 | 0 | |a The history of Transylvania |c coord. Ioan-Aurel Pop ..., authors Mihai Bǎrbulescu ... |
| 264 | 1 | |a Cluj-Napoca |b Romanian Cultural Inst. | |
| 648 | 7 | |a Geschichte |2 gnd | |
| 651 | 7 | |a Siebenbürgen |0 (DE-588)4054835-1 |0 (DE-603)085152552 |2 gnd | |
| 700 | 1 | |a Pop, Ioan-Aurel |d 1955- |0 (DE-603)179274155 |0 (DE-588)131809253 |2 gnd | |
| 700 | 1 | |a Bărbulescu, Mihai |0 (DE-603)221155961 | |
| 924 | 0 | |9 603 |a (DE-603)336741146 |b DE-603 |c HES |d d | |
| 924 | 0 | |9 603 |a (DE-603)328947768 |b DE-603 |c HES |d d | |
| 924 | 0 | |9 603 |a (DE-603)417308183 |b DE-603 |c HES |d d | |
| 924 | 0 | |9 603 |a (DE-603)596427182 |b DE-603 |c HES |d d | |
| 924 | 0 | |9 2080 |a (DE-603)790891875 |b DE-2080 |c HES |d d | |
| 924 | 0 | |9 603 |a (DE-603)734965915 |b DE-603 |c HES |d d | |


